书目信息 |
| 题名: |
波谱解析
|
|
| 作者: | 张宇 , 周洪雷 主编 | |
| 分册: | ||
| 出版信息: | 郑州 郑州大学出版社 2006.10 |
|
| 页数: | 315页 | |
| 开本: | 26cm | |
| 丛书名: | ||
| 单 册: | ||
| 中图分类: | O657.61 | |
| 科图分类: | ||
| 主题词: | 光谱分析--guang pu fen xi--高等学校--教材 | |
| 电子资源: | ||
| ISBN: | 7-81106-348-4 | |
| 000 | 00984nam0 2200265 450 | |
| 001 | 012008331062 | |
| 005 | 20080510172020.04 | |
| 010 | @a7-81106-348-4@dCNY30.00 | |
| 100 | @a20080510d2006 em y0chiy0120 ea | |
| 101 | 0 | @achi |
| 102 | @aCN@b410000 | |
| 105 | @aa a 000yy | |
| 106 | @ar | |
| 200 | 1 | @a波谱解析@Abo pu jie xi@f张宇, 周洪雷主编@Fzhang yu,zhou hong lei zhu bian |
| 210 | @a郑州@c郑州大学出版社@d2006.10 | |
| 215 | @a315页@c图@d26cm | |
| 300 | @a普通高等教育药学专业“十一五”规划教材 | |
| 320 | @a有书目。 | |
| 330 | @a书内容包括紫外光谱(UV)、红外光谱(IR)、核磁共振氢谱(1H-NMR)、核磁共振碳谱(13C-NMR)、质谱(MS)和综合解析六章内容。系统地介绍了四大光谱的基本原理、图谱信息及图谱解析技术,以及这些波谱技术的综合应用。 | |
| 606 | 0 | @a光谱分析@Aguang pu fen xi@x高等学校@j教材 |
| 690 | @aO657.61@v4 | |
| 701 | 0 | @a张宇@Azhang yu@4主编 |
| 701 | 0 | @a周洪雷@Azhou hong lei@4主编 |
| 801 | 0 | @aCN@bQSSK@c20080510 |
| 905 | @b710422-24@dO657.61@eZ238@f3 | |
| 波谱解析/张宇, 周洪雷主编.-郑州:郑州大学出版社,2006.10 |
| 315页:图;26cm |
| 普通高等教育药学专业“十一五”规划教材 |
| ISBN 7-81106-348-4:CNY30.00 |
| 书内容包括紫外光谱(UV)、红外光谱(IR)、核磁共振氢谱(1H-NMR)、核磁共振碳谱(13C-NMR)、质谱(MS)和综合解析六章内容。系统地介绍了四大光谱的基本原理、图谱信息及图谱解析技术,以及这些波谱技术的综合应用。 |
| ● |
| 相关链接 |
|
|
|
正题名:波谱解析
索取号:O657.61/Z238
 
预约/预借
| 序号 | 登录号 | 条形码 | 馆藏地/架位号 | 状态 | 备注 |
| 1 | 710422 | 207104220 | 自科库401/401自科库 66排1列2层/ [索取号:O657.61/Z238] | 在馆 | |
| 2 | 710423 | 207104239 | 自科库401/401自科库 66排1列2层/ [索取号:O657.61/Z238] | 在馆 | |
| 3 | 710424 | 207104248 | 自科库401/401自科库 66排1列2层/ [索取号:O657.61/Z238] | 在馆 |